<?xml version="1.0" encoding="UTF-8"?>
<record
    xmlns:xsi="http://www.w3.org/2001/XMLSchema-instance"
    xsi:schemaLocation="http://www.loc.gov/MARC21/slim http://www.loc.gov/standards/marcxml/schema/MARC21slim.xsd"
    xmlns="http://www.loc.gov/MARC21/slim">

  <leader>00851nam a22002057a 4500</leader>
  <controlfield tag="003">DO-CoUTE</controlfield>
  <controlfield tag="005">20260429125854.0</controlfield>
  <controlfield tag="008">260429b        dr ||||| |||| 00| 0 spa d</controlfield>
  <datafield tag="040" ind1=" " ind2=" ">
    <subfield code="a">DO-CoUTE</subfield>
    <subfield code="b">spa</subfield>
    <subfield code="c">DO-CoUTE</subfield>
  </datafield>
  <datafield tag="082" ind1=" " ind2=" ">
    <subfield code="a">RD 972.93054U15e</subfield>
  </datafield>
  <datafield tag="100" ind1="1" ind2=" ">
    <subfield code="a">Ubi&#xF1;as Renville, Guaroa </subfield>
    <subfield code="e">Autor </subfield>
  </datafield>
  <datafield tag="245" ind1="1" ind2="0">
    <subfield code="a">&#xC9;pica Resistencia patri&#xF3;tica en la zona norte durante la llamada "Operacion Limpieza" /</subfield>
    <subfield code="c">Guaroa Ubi&#xF1;as Renville </subfield>
  </datafield>
  <datafield tag="260" ind1=" " ind2=" ">
    <subfield code="a">Santo Domingo ; </subfield>
    <subfield code="b">Archivo General de La Nacion, </subfield>
    <subfield code="c">2023</subfield>
  </datafield>
  <datafield tag="300" ind1=" " ind2=" ">
    <subfield code="a">184 paginas : </subfield>
    <subfield code="b">Im&#xE1;genes ; </subfield>
    <subfield code="c">23cm, </subfield>
  </datafield>
  <datafield tag="504" ind1=" " ind2=" ">
    <subfield code="a"> Incluye referencia bibliogr&#xE1;fica e &#xED;ndice.
</subfield>
  </datafield>
  <datafield tag="505" ind1=" " ind2=" ">
    <subfield code="a">Prefacio | Parte I. Antecedentes | Parte II. Ensanche La Fe. La guerra | Parte III. Venganza y contrainsurgencia estadounidense</subfield>
  </datafield>
  <datafield tag="650" ind1=" " ind2="4">
    <subfield code="a">golpe de estado </subfield>
  </datafield>
  <datafield tag="700" ind1="1" ind2=" ">
    <subfield code="a">Guaroa Ubi&#xF1;as Renville </subfield>
    <subfield code="e">Autor </subfield>
  </datafield>
  <datafield tag="942" ind1=" " ind2=" ">
    <subfield code="2">ddc</subfield>
    <subfield code="c">BK</subfield>
  </datafield>
  <datafield tag="999" ind1=" " ind2=" ">
    <subfield code="c">24146</subfield>
    <subfield code="d">24146</subfield>
  </datafield>
  <datafield tag="952" ind1=" " ind2=" ">
    <subfield code="0">0</subfield>
    <subfield code="1">0</subfield>
    <subfield code="2">ddc</subfield>
    <subfield code="4">0</subfield>
    <subfield code="7">0</subfield>
    <subfield code="8">RD</subfield>
    <subfield code="a">BU</subfield>
    <subfield code="b">BU</subfield>
    <subfield code="c">GEN</subfield>
    <subfield code="d">2026-04-29</subfield>
    <subfield code="i">023657</subfield>
    <subfield code="l">0</subfield>
    <subfield code="o">RD 972.93054U15e</subfield>
    <subfield code="p">023657</subfield>
    <subfield code="r">2026-04-29 12:59:26</subfield>
    <subfield code="t">Ej.1</subfield>
    <subfield code="w">2026-04-29</subfield>
    <subfield code="y">BK</subfield>
  </datafield>
</record>
